000 00281nam a2200121 i 4500
001 bg
245 4 _aThe new lexicon Websters encyclopedic dictionary.
260 _aNew York,
_c1988.
040 _cBPK
041 _apol
942 _cKS
008 s pl f |000 0 pol
999 _c29541
_d29541
856 _uhttp://koha.tu.koszalin.pl/cgi-bin/koha/opac-detail.pl?biblionumber=29541
_yKatalog online BPK